000 00723nam a22002177a 4500
005 20100820143850.0
010 _aENG-101127
020 _c60.00
035 _aEN-84660
037 _bDBAD/PUB
082 _a870
100 _aAasaan, G. V. K.
_916867
245 _aThiru valluvar on learning, knowledge and wisdom /
_cby G. V. K. Aasaan
260 _aTamilnadu
_bPoongundran Pathippagam
_c2008
270 _a30, Thruvenkadam Street, North Coimbatore
_bCoimbatore
_e641002
300 _a120 p.
_c22cm (pbk)
650 _aTirukkual
_916868
650 _bMalpractice
_916869
942 _2ddc
_cEN
_mAAS
_h870
999 _c42742
_d42742